000 00472nam a2200181Ia 4500
001 8468
005 20260306160611.0
008 260306t2011||||xx |||||||||||||| ||spa||
041 _aESP
082 _a371.1
_bC24
100 _aCambursano, Susana Celina
_eAUT
245 0 _aRelación pedagógica en la universidad:
_bintersubjetividad y formación
260 _c2011
300 _a270 páginas :
_c24 cm.
650 _aGEN
654 _aCED
942 _cLIB
_dJUS
_fJUS
_2ddc
_n
999 _c8468
_d8468